| 000 | 00646nam a2200265 a 4500 | ||
|---|---|---|---|
| 003 | AR-BaBNM | ||
| 005 | 20251128203421.0 | ||
| 008 | 082120s2002 ||||||||||||||000 | spa|| | ||
| 020 | _a950-9026-00-X | ||
| 040 | _cAR-BaBNM | ||
| 245 | 0 | 0 | _aDiccionario de sinónimos, antónimos y parónimos |
| 260 |
_aBuenos Aires _bKarten _c1985 |
||
| 300 | _a375 p. | ||
| 650 | 4 | _aDICCIONARIOS | |
| 650 | 4 | _aESPAÑOL | |
| 650 | 4 | _aSINONIMOS | |
| 650 | 4 | _aANTONIMOS | |
| 650 | 4 | _aPARONIMOS | |
| 650 | 4 | _aSEMANTICA | |
| 650 | 4 | _aRELACIONES DE EQUIVALENCIA | |
| 650 | 4 | _aUSO LINGÜISTICO | |
| 655 | _aREFERENCIA | ||
| 942 | _cBK | ||
| 998 | _claura | ||
| 999 |
_c3294 _d3294 |
||